000 00659nam a22001937a 4500
999 _c61857
_d61857
005 20240530105129.0
008 240530s2005 enk||||| |||| 00| 0 eng d
020 _a9781560554554x
041 _aeng
080 _a617.7 P-90
245 _aPractical Ophthalmology :
_bA Manual for Beginning Residents /
_cEdited by Fred M. Wilson.
250 _a5th Edition
264 _aSan Francisco :
_bAmer Academy of Ophthalmology,
_c2005.
300 _a396 p.:
_bill.;
_c26 cm.
653 _aოფთალმოლოგია
653 _aმედიცინა
700 _aWilson, Fred M.
_eრედაქტორი
_922228
942 _2udc
_cᲬᲘᲒᲜᲘ